Statistiken für Elemente des Periodensystems 1-10 in 3 Sprachen

Klicken Sie hier um das Quiz zu spielen!

Allgemein

  • Dieses Quiz wurde 163 mal gespielt
  • Das Durchschnittsergebnis liegt bei 18 aus 30

Antwortstatistiken

ZahlDeutsch% Korrekt
2helium
100%
2Helium
100%
1Wasserstoff
100%
8Sauerstoff
95%
6Kohlenstoff
92%
3Lithium
92%
3lithium
92%
7Stickstoff
90%
10neon
85%
10neón
85%
10Neon
85%
5Bor
84%
9Fluor
78%
9flúor
78%
1hydrogen
78%
8oxygen
77%
6carbon
75%
4Beryllium
70%
4beryllium
70%
7nitrogen
53%
2helio
27%
5boro
23%
9fluorine
22%
5boron
15%
3litio
12%
6carbono
11%
1hidrógeno
10%
8oxígeno
8%
7nitrógeno
7%
4berilio
4%

Verteilung der Resultate

Perzentil nach korrekt beantworteten Fragen

Anzahl Personen mit jedem Resultat

Ihre Resultats-Entwicklung

Sie haben dieses Quiz noch nicht gespielt